000 00969nam a2200265 a 4500
001 000005568
005 20240514073716.0
008 090820s1992 sp 001 0 spa d
020 _a8487699480
040 _aDO-SdBNP
082 _a170
_bC744e
245 0 0 _aConcepciones de la ética /
_cEdición Victoria Camps, Osvaldo Guariglia, Fernando Salmerón.
260 _aMadrid :
_bTrotta :
_bConsejo Superior de Investigaciones Científicas :
_bSociedad Estatal Quinto Centenario,
_c1992.
300 _av. ;
_c24 cm.
490 1 _aEnciclopedia Iberoaméricana de Filosofía
_v2
500 _aIncluye notas al pie de las páginas
500 _aLa biblioteca posee el volumen 2
650 0 _aÉtica
_9509
650 0 _aFilosofía
_9813
700 1 _aCamps, Victoria,
_eed.
_915732
700 1 _aGuariglia, Osvaldo,
_eed.
_915733
700 1 _aSalmerón, Fernando,
_d1925-
_eed.
_915734
830 0 _aEnciclopedia Iberoaméricana de Filosofía
_v2
_915735
049 _aBNPD
999 _c5367
_d5367